Cryptography and network security / (Record no. 168562)

MARC details
000 -LEADER
fixed length control field 00644nam a22002057a 4500
005 - DATE AND TIME OF LATEST TRANSACTION
control field 20191015142553.0
010 ## - LCCN (DPL NO)
LC control number ENG-126661
020 ## - INTERNATIONAL STANDARD BOOK NUMBER
International Standard Book Number 9789353163303
Terms of availability 645.00
035 ## - SYSTEM CONTROL NUMBER
System control number EN-110193
037 ## - SOURCE OF ACQUISITION
Source of stock number/acquisition DBAD/PUB
082 ## - DEWEY DECIMAL CLASSIFICATION NUMBER
Classification number 005.82
100 ## - MAIN ENTRY--PERSONAL NAME
Personal name Kahate, Atul
245 ## - TITLE STATEMENT
Title Cryptography and network security /
Statement of responsibility, etc by Atul Kahate
250 ## - EDITION STATEMENT
Edition statement 4th ed.
260 ## - PUBLICATION, DISTRIBUTION, ETC. (IMPRINT)
Place of publication, distribution, etc Chennai
Name of publisher, distributor, etc McGraw Hill Education
Date of publication, distribution, etc 2019
270 ## - ADDRESS
Address 444/1, Sri Ekambara Naicker Industrial Estate
City Alapakkam, Porur, Chenai
Postal code 600116
300 ## - PHYSICAL DESCRIPTION
Extent xxvii,456p.
Dimensions 24cm(pbk)
500 ## - GENERAL NOTE
General note Includes references index and index
942 ## - ADDED ENTRY ELEMENTS (KOHA)
Source of classification or shelving scheme Dewey Decimal Classification
Item type English Books
Classification part 005.82
Call number suffix KAH
Holdings
Withdrawn status Lost status Not for loan Collection code Home library Current library Date acquired Source of acquisition Cost, normal purchase price Full call number Barcode Copy number Cost, replacement price Koha item type
      Non-fiction Sarojini Nagar Sarojini Nagar 15/10/2019 DBAD/PUB 645.00 005.82 KAH EN-110193 1 645.00 English Books

© Delhi Public Library
Hit Counter
free hit counter